Biblioteca

El hombre latinoamericano y su mundo (Registro nro. 39955)

Detalles MARC
000 -LÍDER
Campo fijo de descripción fija 01841aam a2200349 i 4500
001 - NÚMERO DE CONTROL
Campo de control 768714001
003 - IDENTIFICADOR DEL NÚMERO DE CONTROL
Campo de control CO-MdFUSB
005 - FECHA Y HORA DE LA ULTIMA TRANSACCIÓN
control field 20241016103651.0
007 - CAMPO FIJO DE DESCRIPCIÓN FIJA--INFORMACIÓN GENERAL
Campo fijo de descripción fija ta
008 - ELEMENTOS DE LONGITUD FIJA -- INFORMACIÓN GENERAL
Campo fijo de descripción fija -- Información general 241016t19791990ck bd||| |||| 00| 0 spa d
020 ## - NÚMERO INTERNACIONAL NORMALIZADO PARA LIBROS
Número Internacional Normalizado del libro 958-9039-07-03
040 ## - FUENTE DE CATALOGACIÓN
Idioma de catalogación spa
Agencia que realiza la transcripción CO-MdFUSB
Agencia que realiza la modificación CO-MdFUSB
041 0# - CÓDIGO DE IDIOMA
Código de idioma para texto/pista de sonido o título separado spa
082 04 - NÚMERO DE CLASIFICACIÓN DECIMAL DEWEY
Número de la edición del Dewey 23
Número de clasificación 572
Clave de autor-Numero de item M357
100 ## - ASIENTO PRINCIPAL--NOMBRE PERSONAL
Nombre personal Marquínez Argote, Germán,
Término relacionador autor
245 #3 - TÍTULO
Título del Material El hombre latinoamericano y su mundo
Mención de responsabilidad, etc. / German Marquinez Argote, Luis José González Álvarez, Francisco Beltrán Peña, Emilio López de Ipiña
250 ## - MENCIÓN DE EDICIÓN
Mención de edición Novena edición
264 #1 - PRODUCCIÓN, PUBLICACIÓN, DISTRIBUCIÓN, MANUFACTURA, Y COPYRIGHT
Nombre del productor, publicador, distribuidor Nueva América,
Lugar de producción, publicación, distribución, manufactura Bogotá, Colombia :
Fecha de producción, publicación, distribución, manufactura, o copyright [1990]
264 #4 - PRODUCCIÓN, PUBLICACIÓN, DISTRIBUCIÓN, MANUFACTURA, Y COPYRIGHT
Fecha de producción, publicación, distribución, manufactura, o copyright ©1990
300 ## - DESCRIPCIÓN FÍSICA
Extensión 405 páginas
Otros detalles físicos : mapas, gráficos
Dimensiones ; 18 cm
336 ## - TIPO DE CONTENIDO
Término de tipo de contenido texto
Código de tipo de contenido txt
Fuente rdacontent
337 ## - TIPO DE MEDIO
Fuente rdamedia
Nombre del tipo de medio sin mediación
Código del tipo de medio n
338 ## - TIPO DE SOPORTE
Fuente rdacarrier
Nombre del tipo de soporte volumen
Código Tipo de soporte nc
500 ## - NOTA GENERAL
Nota General Incluye mapas, gráficos
505 ## - NOTA DE CONTENIDO
Título Nuestros orígenes.
Nota de contenido con formato preestablecido Orígenes del hombre americano. -- Origen del hombre. Datos científicos. -- El sentido de la evolución. --Diversificación racial.
Título El sentido de nuestra cultura.
Nota de contenido con formato preestablecido Somos frutos de la cultura. -- El sentido de nuestra cultura.
Título La personalización fundamento de nuestra liberación.
Nota de contenido con formato preestablecido La personalización. -- Nuestra liberación.
Título Latinoamérica es nuestro mundo.
Nota de contenido con formato preestablecido ¿En qué mundo vivimos? -- Entorno: Cosas a la vista. -- Medio: cosas a la mano. -- Mundo: totalidad de lo real y horizonte de mis posibilidades. -- Situación: mi manera de estar en el mundo. -- Habitud: manera de habérnoslas con las cosas. -- ¿Libertad o liberación?
650 #7 - ASIENTO SECUNDARIO DE MATERIA - TERMINO TEMÁTICO
Término temático o nombre geográfico como elemento de entrada Antropología cultural y social
Fuente del encabezamiento o término embne
9 (RLIN) 6714
700 ## - ASIENTO SECUNDARIO - NOMBRE PERSONAL
Nombre personal González Alvarez, Luis José,
9 (RLIN) 1724
Responsabilidad autor
700 ## - ASIENTO SECUNDARIO - NOMBRE PERSONAL
Nombre personal Beltrán Peña, Francisco,
9 (RLIN) 4355
Responsabilidad autor
700 ## - ASIENTO SECUNDARIO - NOMBRE PERSONAL
Nombre personal López de Ipiña, Emilio
9 (RLIN) 10950
Responsabilidad autor
942 ## - TIPO DE MATERIAL (KOHA)
Tipo de Item KOHA Libros General
945 ## - INFORMACIÓN LOCAL DEL REGISTRO
Catalogador Catherine Arias Alvarez
Existencias
Estado de Material Estado de Perdido Forma de Clasificación Estado de Dañado No para Préstamo Colección Tomo Biblioteca de Origen Biblioteca Permanente Fecha de Adquisición Área Total de Préstamos Signatura Topográfica Código de Barras Ejemplar/Existencia Fecha de Remplazo Tipo de Material
    Dewey Decimal Classification     Colección General   Biblioteca FUSBC Biblioteca FUSBC 11/10/2024 CULTURA Y COSTUMBRES   G 572 M357h 23078 Ej. 1 26/01/2016 Libros General

Biblioteca FUSBC | Teléfono: (57+4) 349 88 10 Ext. 141| WhatsApp (+57) 3005338115 
E-mail: biblioteca@unisbc.edu.co | Calle 76 87-14 Robledo Palenque, Medellín, Colombia

Con tecnología Koha